Finite mathematics and calculus with applications special edition for the University of Toledo

Includes bibliographical references and indexes.

Gespeichert in:
Bibliographische Detailangaben
1. Verfasser: Lial, Margaret L
Weitere Verfasser: Greenwell, Raymond N
Format: Buch
Sprache:Undetermined
Veröffentlicht: Reading, Mass. Addison-Wesley 2005
Schlagworte:
Online Zugang:http://lrc.tdmu.edu.vn/opac/search/detail.asp?aID=2&ID=17558
Tags: Tag hinzufügen
Keine Tags, Fügen Sie den ersten Tag hinzu!
Thư viện lưu trữ: Trung tâm Học liệu Trường Đại học Thủ Dầu Một
LEADER 00837nam a2200229Ia 4500
001 TDMU_17558
008 210410s9999 xx 000 0 und d
082 |a 513 
090 |b L301 
100 |a Lial, Margaret L 
245 0 |a Finite mathematics and calculus with applications 
245 0 |b special edition for the University of Toledo 
245 0 |c Margaret L. Lial, Raymond N. Greenwell, Nathan P. Ritchey 
260 |a Reading, Mass. 
260 |b Addison-Wesley 
260 |c 2005 
300 |a xix, 655, A-46, I-7 p. 
520 |a Includes bibliographical references and indexes. 
650 |a Calculus.; Mathematics.; Toán học; Số học 
700 |a Greenwell, Raymond N 
856 |u http://lrc.tdmu.edu.vn/opac/search/detail.asp?aID=2&ID=17558 
980 |a Trung tâm Học liệu Trường Đại học Thủ Dầu Một